000 00569nam a2200181Ia 4500
003 GCL
008 140319s9999 xx 000 0 ara d
040 _aGCL /
_cGCL
082 0 4 _a539.76
_bع ط
100 1 _aعبدالحميد احمد امين
245 1 0 _aالطاقة الذرية: ماضيها - حاضرها - مستقبلها /
_cعبدالحميد احمد امين
300 _a132 ص
490 _aالالف كتاب
_v0
650 0 4 _aالطاقة
650 0 4 _aالطاقة الذرية
650 0 4 _aالهندسة النووية
942 _2ddc
_cBK
999 _c45233
_d45233